Actuarial practice of life assurance : (Record no. 49679)
[ view plain ]
| 000 -LEADER | |
|---|---|
| fixed length control field | 01085nam a2200253 a 4500 |
| 001 - CONTROL NUMBER | |
| control field | 49679 |
| 003 - CONTROL NUMBER IDENTIFIER | |
| rucl marc code | BD-RjUL |
| 005 - DATE AND TIME OF LATEST TRANSACTION | |
| control field | 20211209054719.0 |
| 008 - FIXED-LENGTH DATA ELEMENTS--GENERAL INFORMATION | |
| fixed length control field | 160822s1965 enk 001 0 eng d |
| 035 ## - SYSTEM CONTROL NUMBER | |
| System control number | (BD-RjUL)49799 |
| 040 ## - CATALOGING SOURCE | |
| Original cataloging agency | NZOC |
| Language of cataloging | eng |
| Transcribing agency | NZOC |
| Modifying agency | NZOC |
| 041 ## - LANGUAGE CODE | |
| Language code of text/sound track or separate title | eng |
| 082 ## - DEWEY DECIMAL CLASSIFICATION NUMBER | |
| Classification number | 368.3 |
| Author mark and year | FIA 1965 |
| 100 1# - MAIN ENTRY--PERSONAL NAME | |
| Personal name | Fisher, H. F. |
| 9 (RLIN) | 148959 |
| 245 10 - TITLE STATEMENT | |
| Title | Actuarial practice of life assurance : |
| Remainder of title | a text-book for actuarial students / |
| Statement of responsibility, etc. | by H.F. Fisher and J. Young. |
| 260 ## - PUBLICATION, DISTRIBUTION, ETC. (IMPRINT) | |
| Place of publication, distribution, etc. | Cambridge : |
| Name of publisher, distributor, etc. | Published for the Institute of Actuaries and the Faculty of Actuaries at the University Press, |
| Date of publication, distribution, etc. | 1965. |
| 300 ## - PHYSICAL DESCRIPTION | |
| Pagination | viii, 450 p. ; |
| Size | 22 cm. |
| 500 ## - GENERAL NOTE | |
| General note | Includes index. |
| General note | "This volume forms part of a series of text-books published under the authority of the Institute of Actuaries and the Faculty of Actuaries in Scotland and is designed to meet the needs of students preparing for the actuarial examinations"--Opp. t.p. |
| 650 #0 - SUBJECT ADDED ENTRY--TOPICAL TERM | |
| Topical term or geographic name as entry element | Life insurance |
| Geographic subdivision | Great Britain. |
| 9 (RLIN) | 142197 |
| Topical term or geographic name as entry element | Actuaries |
| General subdivision | Mathematics |
| 9 (RLIN) | 148960 |
| 700 1# - ADDED ENTRY--PERSONAL NAME | |
| Personal name | Young, J. |
| 942 ## - ADDED ENTRY ELEMENTS (KOHA) | |
| Source of classification or shelving scheme | Dewey Decimal Classification |
| Koha item type | Books |
| Lost status | Source of classification or shelving scheme | Damaged status | Not for loan | Collection code | Permanent Location | Current Location | Shelving location | Date acquired | Source of acquisition | Cost, normal purchase price | Total Checkouts | Full call number | Date last seen | Copy number | Koha item type |
|---|---|---|---|---|---|---|---|---|---|---|---|---|---|---|---|
| Dewey Decimal Classification | Non-fiction | Central Library, University of Rajshahi | Central Library, University of Rajshahi | 07/10/1964 | Zeitlinger | 50.00 | 368.3 FIA 1965 | 22/08/2016 | C-2 | Books | |||||
| Dewey Decimal Classification | Non-fiction | Central Library, University of Rajshahi | Central Library, University of Rajshahi | 07/10/1964 | Zeitlinger | 50.00 | 368.3 FIA 1965 | 15/10/2016 | C-3 | Books |